000 00818nam a22002777a 4500
001 BR7316334
003 BR-BrBNA
005 20230928105557.0
007 ta
008 230509b bl.||||| |||| 00| 0 por d
040 _aBR-BrBNA
_bpor
_cBiblioteca Nacional de Agricultura
041 _a(Por)
072 _aF00
_b2140
090 _ 2140 BR7316334 OBR
100 1 _aD'Utra, G.R.P.
110 1 _aSecretaria da Agricultura, Commércio e Obras Públicas do Estado de São Paulo, São Paulo (Brasil)
245 1 _aInformações geraes sobre a exploração e cultura do mate ou congonheira
260 3 _aSão Paulo, SP (Brasil):
_c1910.
300 _a83 p.
500 _aOBRA RARA
650 _aMATE
650 _aEXPLORAÇÃO
650 _aPRODUÇÃO
909 _a202309
_bLucia
_c55
_dLucia Elande
942 _cBK
999 _c85722
_d85722